000 00494nam a2200193Ia 4500
003 OSt
005 20221005133041.0
006 a|||||r|||| 00| 0
007 ta
008 221004b |||||||| |||| 00| 0 eng d
024 _a112711
037 _cTextual
040 _aCRL
_cCRL
_beng
041 _2eng
_aeng
100 _aChhatopudhayay Sunil Kumar
_9641995
245 0 _aVibhutibhusan
_b Jiban or Sahitya
942 _cTEXL
_2cc
999 _c1065584
_d1065584